L'arte Del Novecento Dal vol.1.Alvol.4

Bewaard in:
Bibliografische gegevens
Hoofdauteur: Lara-Vinca Masini
Formaat: Boek
Taal:Onbekende taal
Gepubliceerd in: Giunti
Tags: Voeg label toe
Geen labels, Wees de eerste die dit record labelt!

MARC

LEADER 00000nam a2200000Ia 4500
001 R-1507
003 CODICE-MESSINA
005 20260212102508.0
008 260211s9999 xx 000 0 und d
040 |c importazione_messina 
100 |a Lara-Vinca Masini 
245 0 |a L'arte Del Novecento  
245 0 |b Dal vol.1.Alvol.4 
260 |b Giunti 
942 |2 ddc  |c BK 
952 |0 0  |1 0  |2 ddc  |4 0  |6 SCAFFALE_14_000000000000000__ARTE  |7 0  |9 32345  |a ME  |b ME  |d 2026-02-11  |l 0  |o SCAFFALE 14 - ARTE  |p R-1507  |r 2026-02-11 23:53:07  |w 2026-02-11  |x [REVISIONARE]  |y BK 
999 |c 28012  |d 28012